00607nam a2200169Ia 450000500170000000800410001704100080005810000220006624500230008826000770011130000180018850000570020654600120026365001190027565000140039465000290040820170619150202.0140602s9999 xx 000 0 und d aBMI1 aSTEVENSON, R. C..10aBaguirmi Grammar.. bUniversity of Khartoum:c1969.a[Place of publication not identified] :  a186; 6 pages; ain : Linguistic monograph No 3, Sudan Research Unit. aBagirmi 0aBAGUIRMI - BAGIRMI - BAGHIRMI - BAGUIRME - TAR BARMA - BARMA - MBARMA - TAR BAGRIMMA - BAGRIMMA - LIS - LISI - BMI 0aGRAMMAIRE 0aLINGUISTIQUE - Grammaire